01470nam a22002417a 450000500170000000800410001702000180005804000090007608200200008510000280010524501050013325000170023826000490025530000460030433600210035033700250037133800230039650000210041952007060044065000250114665000340117170000230120520230512223909.0220629t xxu||||| |||| 00| 0 eng d a9780749482329 cCSPC0 a658.3124bJ710f aGillian, Joneseauthor.00a50 top tools for coaching :ba complete toolkit for developing and empowering people/cJones Gillian a4th Edition  aUnited States :bKogan Page Limited ;c2018. ax, 262 pages :bfigures, tables :c23 cm. 2rdacontentatext 2rdamediaaunmediated 2rdacarrieravolume aIncludes, index. aA complete resource for both in-house and external coaches, 50 Top Tools for Coaching presents the techniques required for every coaching situation. Full of exercises, models, checklists and templates, it covers how to assess the needs of clients, select the right tool for the circumstance and deliver effective coaching with confidence. The book focuses on every stage of the coaching process, from setting up and managing the coaching relationship, understanding and resolving conflict, developing client confidence and performance to enhancing leadership styles and planning for the future. Supporting hints and tips are found throughout explaining how these tools help coaches be more successful.10aExecutive coaching .10aLeadershipxStudy & Teaching.1 aGorell Roeauthor.